Sports Quiz

Random Sports or Country Quiz

FIFA World Cup Teams Quiz Stats

 Plays Quiz Updated Jun 18, 2018

Score 0/84 Timer 11:00
63 Plays Today
First Appearance Team % Correct
1930Brazil
97%
1930Argentina
94.9%
1930U.S.A
94.7%
1950England
94.3%
1934Germany
94.2%
1934Spain
93.9%
1930France
93.6%
1934Italy
92.1%
1930Mexico
91.6%
1930Uruguay
90.7%
1966Portugal
90.1%
1994Russia
90%
1998Japan
89.2%
1930Chile
88.5%
1954South Korea
87.7%
1934Sweden
87.3%
1998South Africa
87.2%
1990Republic of Ireland
86.9%
1974Australia
86.9%
2002China
86.7%
1934Netherlands
86.4%
1986Canada
83.3%
1930Paraguay
83%
1966North Korea
82.6%
1934Egypt
81%
1938Norway
80.6%
1982New Zealand
80.5%
1986Denmark
80.1%
First Appearance Team % Correct
1934Switzerland
79.4%
1930Peru
79.4%
1954Scotland
79.3%
1938Poland
78.6%
1930Belgium
78.6%
1994Greece
77.6%
1962Colombia
77%
1994Nigeria
76.5%
1978Iran
75.2%
1934Austria
75.2%
2018Iceland
75.2%
2006Ghana
75.2%
2010Slovakia
74.2%
2006Côte d'Ivoire
73.5%
1958Wales
73.3%
1954Turkey
72.4%
2018Panama
72%
2006Czech Republic
71.2%
2010Serbia
70.6%
1934Hungary
70.3%
2002Slovenia
70.3%
1930Bolivia
70.2%
1998Croatia
70%
1986Iraq
69.5%
1982Cameroon
69%
2006Ukraine
68.6%
1982Algeria
68.1%
1982Honduras
66.9%
First Appearance Team % Correct
1990Costa Rica
65.8%
1994Saudi Arabia
65%
1954West Germany
64.3%
2002Ecuador
64.2%
1970Morocco
63.7%
1998Jamaica
63.1%
1930Romania
62.5%
1958U.S.S.R
62.2%
1930Yugoslavia
61%
1958Northern Ireland
60.2%
1974East Germany
59.7%
1962Bulgaria
59.5%
1938Cuba
57%
2014Bosnia-Herzegovina
54.9%
2006Trinidad and Tobago
54.2%
1978Tunisia
53.6%
2002Senegal
53.6%
1970Israel
52.1%
1934Czechoslovakia
50.9%
2006Togo
47.5%
1970El Salvador
43.6%
1974Haiti
42%
2006Angola
40.5%
1990UAE
36.7%
1938Dutch East Indies
33.5%
1974Zaire
32.9%
1982Kuwait
29.8%
2006Serbia and Montenegro
29.2%

You're not logged in!

Compare scores with friends on all Sporcle quizzes.
OR
Log In

Sporcle TV

Today on Sporcle TV


Watch our educational content, quiz creation guides, and fun videos on Sporcle TV.

Show Comments

Extras

Top Quizzes Today


Score Distribution

Your Account Isn't Verified!

In order to create a playlist on Sporcle, you need to verify the email address you used during registration. Go to your Sporcle Settings to finish the process.

Report this User

Report this user for behavior that violates our Community Guidelines.

Details: